| 000 | 00611nam a2200217 a 4500 | ||
|---|---|---|---|
| 001 | BRCA_6441 | ||
| 005 | 20190320205444.0 | ||
| 008 | 220911s1920----sz-a######---#000-0#ger-# | ||
| 041 | _ager | ||
| 044 | _asz | ||
| 050 | 4 |
_aNB1250 _b.P53 1920 |
|
| 100 | 1 |
_aPicard, Max _d1888-1965 _916088 |
|
| 245 | 1 | 0 |
_aMittelalterliche Holzfiguren _cMax Picard. |
| 260 |
_aErlenbach, Suiza _bEugen Rentsch _c1920 |
||
| 300 |
_a27 p. _bil., 32 láminas _c26 cm. |
||
| 500 | _aCDE61 | ||
| 650 | 1 | 4 |
_aEscultura en madera _yÉpoca medieval _916089 |
| 650 | 1 | 4 |
_aTalla en madera _xEscultura _916090 |
| 902 | _aGFM | ||
| 942 |
_2lcc _cB |
||
| 999 |
_c6125 _d6125 |
||